Statistics for Oscar-Winning Films 2000-2009

Click here to take the quiz!

General Stats

  • This quiz has been taken 6 times
  • The average score is 10 of 108

Answer Stats

YearAnswer% Correct
Million Dollar Baby
67%
Chicago
50%
Gladiator
50%
The Hurt Locker
50%
Crash
33%
Happy Feet
33%
No Country For Old Men
33%
Ratatouille
33%
Shrek
33%
Slumdog Millionaire
33%
The Dark Knight
33%
The Departed
33%
The Lord of the Rings: Fellowship of the Ring
33%
Up
33%
WALL-E
33%
2002A Beautiful Mind
17%
Adaptation
17%
2010Avatar
17%
Finding Nemo
17%
Finding Neverland
17%
Letters From Iwo Jima
17%
Little Miss Sunshine
17%
Milk
17%
Moulin Rouge!
17%
Pearl Harbor
17%
Ray
17%
Spirited Away
17%
Sweeney Todd: The Demon Barber of Fleet Street
17%
2005The Aviator
17%
2009The Curious Case of Benjamin Button
17%
The Incredibles
17%
The Last King of Scotland
17%
The Lord of the Rings: Return of the King
17%
The Lord of the Rings: The Two Towers
17%
There Will Be Blood
17%
Traffic
17%
Training Day
17%
Wallace and Gromit: The Curse of the Were-Rabbit
17%
20038 Mile
0%
2001Almost Famous
0%
An Inconvenient Truth
0%
2008Atonement
0%
2007Babel
0%
Black Hawk Down
0%
2006Brokeback Mountain
0%
Capote
0%
Cold Mountain
0%
Crazy Heart
0%
Crouching Tiger, Hidden Dragon
0%
Departures
0%
Dreamgirls
0%
Elizabeth: The Golden Age
0%
Erin Brockovich
0%
Eternal Sunshine of the Spotless Mind
0%
Frida
0%
Gosford Park
0%
How The Grinch Stole Christmas
0%
Hustle & Flow
0%
Inglorious Basterds
0%
Iris
0%
Juno
0%
King Kong
0%
La Vie en Rose
0%
Lemony Snicket's A Series of Unfortunate Events
0%
Lost In Translation
0%
Marie Antoinette
0%
Master and Commander: Far Side of the World
0%
Memoirs of a Geisha
0%
Michael Clayton
0%
Monster
0%
Monster's Ball
0%
Monsters, Inc.
0%
Mystic River
0%
No Man's Land
0%
Nowhere In Africa
0%
Once
0%
Pan's Labyrinth
0%
Pirates of the Caribbean: Dead Man's Chest
0%
Pollock
0%
Precious: Based on the Novel 'Push' by Sapphire
0%
Road To Perdition
0%
Sideways
0%
Spider-Man 2
0%
Star Trek
0%
Syriana
0%
Talk To Her
0%
2004The Barbarian Invasions
0%
The Blind Side
0%
The Bourne Ultimatum
0%
The Chronicles of Narnia: The Lion, the Witch and the Wardrobe
0%
The Constant Gardener
0%
The Counterfeiters
0%
The Duchess
0%
The Golden Compass
0%
The Hours
0%
The Lives of Others
0%
The Motorcycle Diaries
0%
The Pianist
0%
The Queen
0%
The Reader
0%
The Sea Inside
0%
The Secret In Their Eyes
0%
The Young Victoria
0%
Tsotsi
0%
U-571
0%
Vicky Cristina Barcelona
0%
Walk The Line
0%
Wonder Boys
0%

Score Distribution

Percentile by Number Answered

Percent of People with Each Score

Your Score History

You have not taken this quiz